عقوبة الحرمان في مجال المعاملات والأحوال الشخصية : دراسة مقارنة /
Saved in:
| Main Author: | |
|---|---|
| Other Authors: | |
| Format: | Thesis |
| Language: | Arabic |
| Published: |
Qahirah :
Jami'at al-Azhar,
2009?
|
| Subjects: | |
| Tags: |
Add Tag
No Tags, Be the first to tag this record!
|
| LEADER | 013090000a22002410004500 | ||
|---|---|---|---|
| 008 | 150605q2009 ua g 000 0 ara d | ||
| 040 | |a UIAM |b eng | ||
| 041 | |a ara | ||
| 050 | |a BP158.4.H6 | ||
| 100 | 1 | |a نصار، محمد بن بشير | |
| 242 | 1 | 0 | |a 'Uqubah al-hirman fi majal al-mu'amalat wa-al-ahwal al-shakhsiyah : |b dirasah muqaranah |
| 245 | 1 | 0 | |a عقوبة الحرمان في مجال المعاملات والأحوال الشخصية : |b دراسة مقارنة / |c إعداد، محمد بن بشير بن سالم النصار ؛ محمد حسني إبراهيم سليم، إبراهيم عبد الرزاق الخولي |
| 260 | |a Qahirah : |b Jami'at al-Azhar, |c 2009? | ||
| 300 | |a 351 leaves ; |c 31 cm. | ||
| 500 | |a "رسالة لنيل الدرجة العالمية 'الدكتوراه' في الفقه الإسلامي المقارن" -- On t.p. | ||
| 502 | |a Thesis (Ph.D.)--Jami'at al-Azhar, 2009. | ||
| 504 | |a Includes bibliographical references (leave 329-344). | ||
| 596 | |a 4 | ||
| 655 | |a Theses, Facsimile edition (Islamic) | ||
| 700 | 1 | |a Nassar, Muhammad ibn Bashir | |
| 900 | |a nan-lfr | ||
| 999 | |c 438406 |d 467706 | ||
| 952 | |0 0 |6 TI BP 000158.4 H6 N265U 2009 |7 0 |8 THESES |9 759405 |a IIiBFL |b IIiBFL |c CLOSEACCES |g 490.00 |o ti BP 158.4 H6 N265U 2009 |p 00011299593 |r 2017-10-26 |t 1 |v 490.00 |y THESIS | ||
